Normal view
MARC view
- Neimke, Darrn
Entry Personal Name
001 - CONTROL NUMBER
- control field: 761
003 - CONTROL NUMBER IDENTIFIER
- control field: JO-AjAnu
005 - DATE AND TIME OF LATEST TRANSACTION
- control field: 20230606070429.0
008 - FIXED-LENGTH DATA ELEMENTS
- fixed length control field: 230606|| aca||aabn | a|a d
040 ## - CATALOGING SOURCE
- Original cataloging agency: JO-AjAnu
- Transcribing agency: JO-AjAnu
100 ## - HEADING--PERSONAL NAME
- Personal name: Neimke, Darrn
670 ## - SOURCE DATA FOUND
- Source citation: Work cat.: (JO-AjAnu)401: Neimke, Darrn, author, Asp.Net.2,0 web parts in action